000 03241nab a2200277 i 4500
003 BR-BrBNA
005 20260318161610.0
008 260318b2017 bl.ar|pooa||| 00| 0 por |
040 _aBR-BrBNA
_bpor
072 _aK50
_b3103
100 _aBonato Junior, Antonio Idinar
100 _aRocha, Márcio Pereira da
100 _aJuizo, Claudio Gumane Francisco
100 _aKlitzke, Ricardo Jorge
245 _aEfeito do Sistema de Desdobro e das Classes Diamétricas no Rendimento em Madeira Serrada de Araucaria angustifolia
500 _aPublicação on-line; 12 ref.; 3 tables; 3 illus.; Summaries (En, Pt)
520 _a RESUMO A presente pesquisa foi desenvolvida com o objetivo de avaliar o efeito dos sistemas de desdobro aleatório e otimizado em toras de Araucaria angustifolia em diferentes classes diamétricas, para obtenção de madeira serrada numa serraria de pequeno porte. Para o efeito, foram selecionadas 60 toras, as quais foram cubadas e separadas em três classes diamétricas com 20 toras que, em seguida foram divididas em dois lotes de 10 toras, sendo o primeiro lote submetido ao desdobro aleatório e o segundo, ao desdobro otimizado. Os resultados indicaram que o desdobro otimizado foi mais satisfatório e a classificação diamétrica ocasionou aumento do rendimento em madeira serrada nos dois sistemas de desdobro. Os modelos ajustados para predição do rendimento, em função da conicidade das toras, foram significativos e satisfatórios principalmente no sistema de desdobro otimizado, o qual teve altos coeficientes de determinação ajustados em relação ao sistema de desdobro aleatório. Palavras-chave: serraria, modelos de desdobro, conicidade de toras. Effect of Saw Pattern and Diametric Grades on the Yield in Lumber of Araucaria angustifolia ABSTRACT This research was developed in order to assess the effect of aleatory breakdown and optimized breakdown systems of the logs of A. angustifolia, using different diametric classes to obtain lumber in a small sawmill. For this, 60 logs were selected, cubed and separated in three diameter classes, with 20 logs each, which were additionally divided in two lots of 10 logs, being the first lots subjected to aleatory breakdown, and the second for optimized breakdown. The results indicated that the optimized breakdown was satisfactory; in addition, the diametric classification caused an increase in yield lumber on both breakdown systems. The adjusted models for the yield prediction due to the taper of the logs were significant and satisfactory, especially in the optimized breakdown system that had high determination coefficients adjusted, regarding the aleatory breakdown system. Keywords: sawmill, sawn patterns, log tapper.
650 _aSERRARIA
650 _aTORA
650 _aDIÂMETRO
650 _aARAUCÁRIA ANGUSTIFOLIA
773 0 _02929
_9347945
_dRio de Janeiro-RJ Instituto de Florestas - UFRRJ 1994
_o2025-0444
_tFloresta e Ambiente (Brazil)
_x1415-0980 / ISSN 2179-8087 0nline
_gv. 24 p. 1-8; (2017)
_wBR2026000218
856 _uhttps://www.scielo.br/j/floram/a/hbn9ScFyGrKxBfP3f8MQSfJ/?format=pdf&lang=pt
942 _cANA
999 _c340440
_d340440